| 000 | 00764 a2200229 4500 | ||
|---|---|---|---|
| 001 | 22093 | ||
| 999 |
_c22093 _d6369 |
||
| 003 | TR-AnTOB | ||
| 005 | 20190530102304.0 | ||
| 008 | 110118s1995 tu 000 0 | ||
| 020 | _a9751607310 | ||
| 041 | _atur | ||
| 050 |
_aPL193.Y3 _bV3 1995 |
||
| 090 | _aREF PL193.Y3 V3 1995 | ||
| 100 |
_aVasilev, Yariy _915426 |
||
| 245 | 0 |
_aTürkçe-Sahaca (Yakutça) sözlük / _cYariy Vasilev ; inceleyen Ahmet B. Ercilasun, Emine Gürsoy Naskali. |
|
| 264 | 1 |
_aAnkara : _bAtatürk Kültür, Dil ve Tarih Yüksek Kurumu Türk Dil Kurumu, _c1995 |
|
| 300 |
_avii, 312 p. ; _c24 cm. |
||
| 490 | 0 | _aAtatürk Kültür, Dil ve Tarih Yüksek Kurumu Türk Dil Kurumu Yayınları; | |
| 650 |
_aTürk dili _vSözlükler _xYakutça _915427 |
||
| 902 | _a0006416 | ||
| 942 | _cREF | ||